Courrier της Unesco: ελληνική έκδοση

Saved in:
Bibliographic Details
Corporate Author: Ελληνική Εθνική Επιτροπή Unesco
Format: Serial
Language:Greek
Published: Paris : Unesco, 1983-2001.
Subjects:
Tags: Add Tag
No Tags, Be the first to tag this record!

MARC

LEADER 00000cas a2200000 i 4500
001 1/45542
008 031127d19832001fr |||||||||||| ||fre||
035 |l 10071741 
040 |a GR-My-Ua   |b gre   |e AACR2  
041 0 |a gre 
082 7 |a 341.24   |2 (23)  
222 0 |a Courrier της Unesco  
245 1 0 |a Courrier της Unesco:   |h [περιοδικό] :   |b ελληνική έκδοση  
260 |a Paris :   |b Unesco,   |c 1983-2001.  
300 |a  τ. :   |b εικ. ;   |c 31 εκ.  
310 |a Μηνιαίο,   |b 1983-2001  
362 0 |a Τεύχος 1 (1984)-τεύχος 7 (2001). 
500 |a Εκδίδεται κάθε μήνα σε 30 γλώσσες. Διατίθεται και ηλεκτρονικά στο διαδίκτυο. 
500 |a H βιβλιοθήκη του παραρτήματος Ρόδου έχει στο αρχείο της τεύχη από το 1988 έως τον Αύγουστο του 2001.Η ελληνική έκδοση του περιοδικού ανεστάλη από τον Αύγουστο του 2001 (τελευταίο τεύχος 7, Ιουλ. 2001).  
610 1 0 |a Unesco  |x Periodicals. 
651 0 |a Developing countries  |x Periodicals. 
710 1 |a Ελληνική Εθνική Επιτροπή Unesco. 
853 |a INST  |b RHODES  |c SER  |h 341.24 
922 |a 4ΕΛΗ  |b 1998-01   |c Βιβλιοθήκη Ρόδου   |d Βλαχάκος  
970 |a Χοροζίδου   |b Τζένη   |z 2003/11/27